Language Quiz

Random Language or Letter Quiz

3 Words, Same 5 Letters Quiz Stats

 Plays Quiz Updated Oct 9, 2014

Challenge
Share
Tweet
Embed
Score 0/50 Timer 08:00
0 Plays Today
% Correct
there
81.2%
wines
81%
slope
77.2%
shape
76.5%
cruel
74.8%
peach
73.2%
poles
73.1%
nails
72.8%
pelts
72.7%
toner
70.9%
break
70.2%
brake
69.6%
roles
67.9%
scope
66.5%
float
66.2%
loves
65.8%
dread
63.5%
safer
61.9%
plane
61.8%
solve
61.4%
fears
59.1%
plead
56.9%
three
52.3%
claps
52.2%
cheap
52.1%
% Correct
swine
50.8%
elbow
50.3%
scalp
50.1%
blade
46.8%
panel
46.2%
below
45.4%
snail
43.1%
slept
43%
fleas
42.4%
begin
40.4%
point
40.3%
baled
39.5%
copes
39%
being
37.4%
dared
33.8%
phase
30.7%
aloft
27.7%
upset
26.7%
false
26.2%
loser
23.1%
pinto
21.7%
pedal
20.7%
tenor
19.2%
setup
17.9%
ulcer
13.1%

You're not logged in!

Compare scores with friends on all Sporcle quizzes.
OR
Log In

You Might Also Like...

Show Comments

Extras

Top Quizzes Today


Score Distribution

Your Account Isn't Verified!

In order to create a playlist on Sporcle, you need to verify the email address you used during registration. Go to your Sporcle Settings to finish the process.

Report this User

Report this user for behavior that violates our Community Guidelines.

Details: